| 000 | 00902nam a2200277 a 4500 | ||
|---|---|---|---|
| 001 | BRL_1047 | ||
| 005 | 20190320211018.0 | ||
| 008 | 051113s2003----cauao#####---#000-0#eng-# | ||
| 020 | _a093074196X | ||
| 041 | _aeng | ||
| 044 | _acau | ||
| 050 | 4 |
_aNK4031 _b.M85 2003 |
|
| 100 | 1 |
_aMulryan, Leonore Hoag _925674 |
|
| 245 | 1 | 0 |
_aCeramic trees of Life _bpopular art from Mexico _cLenore Hoag Mulryan ; with essays by Delia A. Cosentino...[et al.] |
| 260 |
_aLos Ángeles, California _bUCLA Fowler Museum of Cultural History _c2003 |
||
| 300 |
_a167 p. _bil. (algunas a color) _c26 cm. |
||
| 500 | _aAu1179 | ||
| 500 | _aIncluye dedicatoria a Ruth Lechuga | ||
| 504 | _aBibliografía: p. 163-166 | ||
| 650 | 1 | 4 |
_aCerámica mexicana _925675 |
| 650 | 1 | 4 |
_aÁrbol de la vida _925676 |
| 650 | 1 | 4 |
_aArte popular _zMéxico _9882 |
| 700 | 1 |
_aCosentino, Delia A. _925677 |
|
| 902 | _aGRL | ||
| 942 |
_2lcc _cB |
||
| 999 |
_c9859 _d9859 |
||